Catálogo
 En Linea

Recuerdo de mi vida y del hospital José María Cabral y Báez / (Registro nro. 26481)

Detalles MARC
000 -CABECERA
campo de control de longitud fija 00641nam a2200169 a 4500
001 - NÚMERO DE CONTROL
campo de control 000026989
005 - FECHA Y HORA DE LA ÚLTIMA TRANSACCIÓN
campo de control 20200930030531.0
008 - DATOS DE LONGITUD FIJA--INFORMACIÓN GENERAL
campo de control de longitud fija 110328s2003 dr ac 000 0 spa d
040 ## - FUENTE DE LA CATALOGACIÓN
Centro catalogador/agencia de origen DO-SdBNP
Lengua de catalogación spa
Centro/agencia transcriptor BNPHU
049 ## - FONDOS LOCALES (OCLC)
Fondos de biblioteca BNPD
100 1# - ENTRADA PRINCIPAL--NOMBRE DE PERSONA
Nombre de persona Jiménez Olavarrieta, José de Js.
9 (RLIN) 54090
245 10 - MENCIÓN DE TÍTULO
Título Recuerdo de mi vida y del hospital José María Cabral y Báez /
Mención de responsabilidad, etc. José Js. Jiménez Olavarrieta.
250 ## - MENCIÓN DE EDICIÓN
Mención de edición 2a ed.
260 ## - PUBLICACIÓN, DISTRIBUCIÓN, ETC.
Fecha de publicación, distribución, etc. Santiago de los Caballero, República Dominicana:
Nombre del editor, distribuidor, etc. Centro Gráfico Alfredo,
Fecha de publicación, distribución, etc. 2003
Fabricante Editora Central
300 ## - DESCRIPCIÓN FÍSICA
Extensión 199 p. :
Otras características físicas il., retrs. ;
Dimensiones 21 cm.
500 ## - NOTA GENERAL
Nota general Incluye referencias biográficas del autor (p. 9)
Existencias
Estado de retiro Estado de pérdida No para préstamo Código de colección Localización permanente Ubicación/localización actual Ubicación en estantería Fecha de adquisición Número de inventario Total de préstamos Signatura topográfica completa Código de barras Fecha visto por última vez Precio válido a partir de Tipo de ítem Koha Número de copia
    Excluido de préstamo Patrimonio Dominicano Patrimonio Dominicano Patrimonio Dominicano En catalogación 28.03.2011 LF1   26989-10 25.06.2020 25.06.2020 Libro y Folleto Colección Patrimonio Dominicano  
    Excluido de préstamo Patrimonio Dominicano Patrimonio Dominicano Patrimonio Dominicano En catalogación 28.03.2011 LF1   26989-20 25.06.2020 25.06.2020 Libro y Folleto Colección Patrimonio Dominicano e. 2

Con tecnología Koha